000 00492nam a22001697a 4500
005 20251108164733.0
008 250721s1986 xx 000 0 ara d
082 1 4 _a812.962/فار
100 1 _aسعد، فاروق
245 1 0 _aمنصة الإعدام :
_bتمثيلية للتلفزيون /
264 1 _aبيروت :
_bالمكتب التجاري،
_c1986.
300 _a69ص
650 1 7 _aالمسرحيات العربية
650 1 7 _aمصر
942 _2ddc
_cBK
999 _c13113
_d13113